Docent Karel Sekvent rytierom Rádu Akademických paliem

Bibliographic Details
Main Author: Kupčihová, Katarína (Author)
Format: Article
Language:Slovak
PhysicalDescription:Fotogr.
Subjects:

MARC

LEADER 00000nab a2200000 a 4500
001 vtls008962586
003 SK-MaSNL
005 20260303070727.0
008 070410c200701 xo r p 000 00slo
015 |a SNBRB2007/04SVKPO 
038 |a SVKPOCL 
040 |a SVKPOCL  |b slo  |c AACR2  |e AACR2 
041 |a slo 
044 |a xo  |c SK 
080 |a 37-051  |2 2001 
080 |a 929 Sekvent, Karel  |2 2001 
100 1 |a Kupčihová, Katarína  |4 aut  |9 24724 
245 1 0 |a Docent Karel Sekvent rytierom Rádu Akademických paliem  |c Katarína Kupčihová 
300 |a Fotogr. 
600 1 7 |a Sekvent, Karel  |d 1942-  |2 svkpocl  |9 863900 
610 2 7 |a Prešovská univerzita v Prešove.  |b Filozofická fakulta.  |b Inštitút románskych a klasických filológií  |2 svkpocl 
630 0 7 |a Rytier Rádu Akademických paliem (francúzske štátne vyznamenanie)  |x udelenie  |2 svkpocl  |9 1068536 
651 7 |a Prešov (Slovensko)  |2 svkpocl  |9 17347 
773 0 |t Prešovská univerzita  |g Roč. XI, č. 1 (2007), s. 9 
852 |a SVKPO  |b KIS3GCP 
999 |c 1756671  |d 1758601